Rugby Union Positions - Statistics

General Stats
  • This quiz has been taken 204 times
  • The average score is 12 of 15
Answer Stats
Number Answer % Correct
2 Hooker
95%
1 Prop
94%
3 Prop
94%
11 Wing
94%
14 Wing
94%
9 Scrum Half
91%
10 Fly Half
89%
6 Flanker
88%
7 Flanker
88%
15 Full Back
87%
12 Inside Centre
81%
13 Outside Centre
81%
4 Lock
72%
5 Lock
72%
8 No. 8
23%
No matching quizzes found
Score Distribution
Percent of People with Each Score
Percentile by Number Answered
Your Score History
You have not taken this quiz